Library Banner

غالب کی تہزیبی شخصیت (Record no. 81182)

MARC details
000 -LEADER
fixed length control field 00434nam a22001457a 4500
005 - DATE AND TIME OF LATEST TRANSACTION
control field 20151229124151.0
008 - FIXED-LENGTH DATA ELEMENTS--GENERAL INFORMATION
fixed length control field 151229b xxu||||| |||| 00| 0 eng d
040 ## - CATALOGING SOURCE
Transcribing agency PK-LaUMT
082 ## - DEWEY DECIMAL CLASSIFICATION NUMBER
Classification number MSC 954.092
Item number JIL-G
100 ## - MAIN ENTRY--PERSONAL NAME
Personal name جیلانی کامران
245 ## - TITLE STATEMENT
Title غالب کی تہزیبی شخصیت
Remainder of title اضافہ شدہ
Statement of responsibility, etc جیلانی کامران
260 ## - PUBLICATION, DISTRIBUTION, ETC. (IMPRINT)
Place of publication, distribution, etc لاہور
Name of publisher, distributor, etc ملٹی میڈیا
Date of publication, distribution, etc 2003
300 ## - PHYSICAL DESCRIPTION
Extent 80 ص
942 ## - ADDED ENTRY ELEMENTS (KOHA)
Koha item type Books
Holdings
Withdrawn status Lost status Damaged status Home library Current library Date acquired Full call number Barcode Date last seen Price effective from Koha item type
      UMT Main Campus UMT Main Campus 2015-12-29 MSC 954.092 JIL-G 95143 2015-12-29 2015-12-29 Books